| 000 | 00384nam a2200157Ia 4500 | ||
|---|---|---|---|
| 008 | 160316s1976 xxu||||| |||| 00| 0 eng d | ||
| 082 |
_a342.000000 _bSCH |
||
| 100 | _aSchwartz Bernard | ||
| 245 | _aAdministration law | ||
| 250 | _a | ||
| 260 |
_aBoston _bLittle,Brown & Co. _c1976 |
||
| 300 |
_a730p. _b20 cm _cxiv |
||
| 365 | _bRs. | ||
| 650 | _a1.Administrative Law | ||
| 700 |
_a _a |
||
| 999 |
_c5523 _d5523 |
||